|
|
|
|
| LEADER |
00000nta a2200000 i 4500 |
| 001 |
dolg45439 |
| 005 |
20230718091946.0 |
| 008 |
230718suuuu hu om 000 hun d |
| 040 |
|
|
|a BGE Dolgozattár Repozitórium
|b hun
|
| 041 |
|
|
|a hu
|
| 100 |
1 |
|
|a Szabó Judit Fruzsina
|
| 245 |
1 |
2 |
|a A bankok társadalmi felelősségvállalása, különös tekintettel a Raiffeisen Bank Zrt. tevékenységére
|c Szabó Judit Fruzsina
|h [elektronikus dokumentum]
|
| 695 |
|
|
|a Raiffeisen Bank Zrt.
|
| 695 |
|
|
|a Társadalmi felelősségvállalás
|
| 700 |
1 |
|
|a Nincs adat Nincs adat
|e ths
|
| 856 |
4 |
0 |
|u http://dolgozattar.uni-bge.hu/45439/1/D_15404.pdf
|z Dokumentum-elérés
|